Vincitori Coppa del Mondo di pallanuoto - Statistics

Statistiche generali
  • Questo quiz è stato fatto 33 volte
    7 dall'ultimo reset
  • Il punteggio medio è 15 su 18
Statistiche sulle risposte
Edizione Squadra vincitrice % Corretto
1985 Germania Ovest
100%
1993 Italia
100%
1991 Stati Uniti
100%
1997 Stati Uniti
100%
2010 Serbia
83%
2014 Serbia
83%
2006 Serbia e Montenegro
83%
2023 Spagna
83%
2025 Spagna
83%
1979 Ungheria
83%
1995 Ungheria
83%
1999 Ungheria
83%
2018 Ungheria
83%
1987 Jugoslavia
67%
1989 Jugoslavia
67%
1981 Unione Sovietica
67%
1983 Unione Sovietica
67%
2002 Russia
33%
Nessun quiz corrispondente trovato
Distribuzione punteggi
Percentuale di utenti per punteggio
Percentile per numero di risposta
I tuoi punteggi nel tempo
Non hai fatto questo quiz dall'ultimo reset